A short history of Asia (E-Book) (Record no. 213261)
[ view plain ]
| 000 -LEADER | |
|---|---|
| fixed length control field | 01904 a2200277 4500 |
| 003 - CONTROL NUMBER IDENTIFIER | |
| control field | Nust |
| 005 - DATE AND TIME OF LATEST TRANSACTION | |
| control field | 20170207165830.0 |
| 010 ## - LIBRARY OF CONGRESS CONTROL NUMBER | |
| LC control number | 2005050865 |
| 020 ## - INTERNATIONAL STANDARD BOOK NUMBER | |
| International Standard Book Number | 1403936110 (hbk.) |
| 020 ## - INTERNATIONAL STANDARD BOOK NUMBER | |
| International Standard Book Number | 1403936129 (pbk.) |
| 020 ## - INTERNATIONAL STANDARD BOOK NUMBER | |
| International Standard Book Number | 9781403936110 (hbk.) |
| 020 ## - INTERNATIONAL STANDARD BOOK NUMBER | |
| International Standard Book Number | 9781403936127 (pbk.) |
| 035 ## - SYSTEM CONTROL NUMBER | |
| System control number | (OCoLC)ocm60644889 |
| 040 ## - CATALOGING SOURCE | |
| Transcribing agency | Nust |
| 082 00 - DEWEY DECIMAL CLASSIFICATION NUMBER | |
| Classification number | 950 |
| 100 1# - MAIN ENTRY--PERSONAL NAME | |
| Personal name | Mason, Colin, |
| 245 12 - TITLE STATEMENT | |
| Title | A short history of Asia (E-Book) |
| Statement of responsibility, etc. | Colin Mason. |
| 250 ## - EDITION STATEMENT | |
| Edition statement | 2nd ed. |
| 260 ## - PUBLICATION, DISTRIBUTION, ETC. | |
| Place of publication, distribution, etc. | Houndmills, Basingstoke, Hampshire [England] ; |
| -- | New York : |
| Name of publisher, distributor, etc. | Palgrave Macmillan, |
| Date of publication, distribution, etc. | 2005. |
| 300 ## - PHYSICAL DESCRIPTION | |
| Extent | viii, 318 p. : |
| Other physical details | ill., maps ; |
| Dimensions | 23 cm. |
| 505 ## - FORMATTED CONTENTS NOTE | |
| Formatted contents note | 1 Introduction 1 Part I Before Imperialism 2 Prehistory and the First Indian Civilizations 13 3 The Development of Indian Culture: Hinduism and Buddhism 22 4 Early South-east Asia: the Ships from India 33 5 China: the Eternal Nation 45 6 Early Japan and the Tang Dynasty in China 61 7 The Awakening of Europe and the Challenge of Islam 72 8 Flood Tide in China: the Song, Mongol and Ming Dynasties 77 9 China: Ebb Tide 88 10 The Three Makers of Japan and the Tokugawa Period 97 Part II The ‘White Man’s Burden’ 11 The Dominators and the Dominated 111 12 South-east Asia: the European and Chinese Incursions and the Later History of the Mainland Peoples 117 13 The Malay World: Majapahit and Malacca 129 14 Indonesia: the Last Independent Kingdoms and the Extension of Dutch Rule 134 15 India under Two Masters: the Grand Moguls and the East India Company 143 16 Gandhi’s India: the Struggle for Liberty 156 |
| 651 #0 - SUBJECT ADDED ENTRY--GEOGRAPHIC NAME | |
| Geographic name | Asia |
| General subdivision | History. |
| 856 41 - ELECTRONIC LOCATION AND ACCESS | |
| Materials specified | Contributor biographical information |
| Uniform Resource Identifier | <a href="http://www.loc.gov/catdir/enhancements/fy0809/2005050865-b.html">http://www.loc.gov/catdir/enhancements/fy0809/2005050865-b.html</a> |
| 856 41 - ELECTRONIC LOCATION AND ACCESS | |
| Materials specified | Publisher description |
| Uniform Resource Identifier | <a href="http://www.loc.gov/catdir/enhancements/fy0809/2005050865-d.html">http://www.loc.gov/catdir/enhancements/fy0809/2005050865-d.html</a> |
| 856 41 - ELECTRONIC LOCATION AND ACCESS | |
| Materials specified | Table of contents only |
| Uniform Resource Identifier | <a href="http://www.loc.gov/catdir/enhancements/fy0625/2005050865-t.html">http://www.loc.gov/catdir/enhancements/fy0625/2005050865-t.html</a> |
| 942 ## - ADDED ENTRY ELEMENTS (KOHA) | |
| Source of classification or shelving scheme | |
| Koha item type | Book |
| Withdrawn status | Lost status | Source of classification or shelving scheme | Damaged status | Not for loan | Collection code | Permanent Location | Current Location | Date acquired | Total Checkouts | Full call number | Barcode | Date last seen | Price effective from | Koha item type |
|---|---|---|---|---|---|---|---|---|---|---|---|---|---|---|
| Military College of Signals (MCS) | Military College of Signals (MCS) | 12/12/2016 | 950 MAS | MCSEB-3279 | 12/08/2016 | 12/12/2016 | Book |
